Historia del Instituto de Hijas de María, religiosas de las Escuelas Pías / (Record no. 126217)
[ view plain ]
| 000 -LEADER | |
|---|---|
| campo de control de longitud fija | 01426nam a2200289 i 4500 |
| 001 - NÚMERO DE CONTROL | |
| campo de control | 126217 |
| 003 - IDENTIFICADOR DE NÚMERO DE CONTROL | |
| campo de control | ES-MaACL |
| 005 - FECHA Y HORA DE LA ÚLTIMA TRANSACCIÓN | |
| campo de control | 20250831120337.0 |
| 008 - DATOS DE LONGITUD FIJA--INFORMACIÓN GENERAL | |
| campo de control de longitud fija | 211229s2017 it 001 0dspa |
| 020 ## - NÚMERO INTERNACIONAL ESTÁNDAR DEL LIBRO | |
| Número Internacional Estándar del Libro | 978-84-697-7105-1 |
| 020 ## - NÚMERO INTERNACIONAL ESTÁNDAR DEL LIBRO | |
| Número Internacional Estándar del Libro | 978-84-697-7736-7 |
| 080 ## - NÚMERO DE LA CLASIFICACIÓN DECIMAL UNIVERSAL | |
| Número de la Clasificación Decimal Universal | 272-789.9 Escolapias (091) |
| 100 1# - ENTRADA PRINCIPAL--NOMBRE DE PERSONA | |
| Nombre de persona | Labarta, María Luisa. |
| 9 (RLIN) | 173953 |
| 245 10 - MENCIÓN DEL TÍTULO | |
| Título | Historia del Instituto de Hijas de María, religiosas de las Escuelas Pías / |
| Mención de responsabilidad, etc. | Mª Luisa Labarta Sch.P. |
| 260 ## - PUBLICACIÓN, DISTRIBUCIÓN, ETC. | |
| Lugar de publicación, distribución, etc. | Roma : |
| Nombre del editor, distribuidor, etc. | Instituto de Hijas de María Religiosas de las Escuelas Pías, |
| Fecha de publicación, distribución, etc. | 2017 ( |
| Lugar de fabricación/manufactura | Zaragoza : |
| Fabricante | ARPIrelieve) |
| 300 ## - DESCRIPCIÓN FÍSICA | |
| Extensión | 2 v. (XX, 1952 p.) : |
| Otras características físicas | 1 il. col. ; |
| Dimensiones | 25 cm. |
| 500 ## - NOTA GENERAL | |
| Nota general | Índice. |
| 504 ## - NOTA DE BIBLIOGRAFÍA, ETC. | |
| Nota de bibliografía, etc. | Bibliografía: p. [1883]-1886. |
| 505 8# - NOTA DE CONTENIDO CON FORMATO | |
| Nota de contenido con formato | Contiene: T. I, v. A, Primera parte. La Fundadora [Paula Montal Fornés] y el Instituto 1799-1900 - T. II, v. B. (Cap. XII-XIX) . Segunda parte. Elementos constitutivos del Instituto de las Hijas de María Escolapias (Cap. I-V) |
| 600 04 - PUNTO DE ACCESO ADICIONAL DE MATERIA--NOMBRE DE PERSONA | |
| Nombre de persona | Paula Montal, |
| Títulos y otros términos asociados al nombre | Santa, |
| Fechas asociadas al nombre | 1799-1889 |
| 9 (RLIN) | 173955 |
| 610 24 - PUNTO DE ACCESO ADICIONAL DE MATERIA--NOMBRE DE ENTIDAD CORPORATIVA | |
| Nombre de entidad corporativa o nombre de jurisdicción como elemento de entrada | Escolapias- |
| Subdivisión de forma | Historia. |
| 9 (RLIN) | 173954 |
| 710 2# - ENTRADA AGREGADA--NOMBRE DE ENTIDAD CORPORATIVA | |
| Nombre de entidad corporativa o nombre de jurisdicción como elemento de entrada | Escolapias. |
| 9 (RLIN) | 3512 |
| 852 4# - LOCALIZACIÓN | |
| Ubicación | ES-MaACL |
| Número de control de estantería | A-14821 |
| itemnumber | 130856 |
| Sublocalización o colección | R.152235 |
| Ubicación en estantería | Depósito 1 |
| Signatura antigua | Olim: N-7821 |
| Donativo/Legado | Donación: Editorial |
| Designación de la unidad física | Vol.1 |
| Encuadernación | Encuadernación en cartoné |
| 852 4# - LOCALIZACIÓN | |
| Ubicación | ES-MaACL |
| Número de control de estantería | A-14822 |
| Sublocalización o colección | R.152235 |
| Ubicación en estantería | Depósito 1 |
| Signatura antigua | Olim: N 7822 |
| Donativo/Legado | Donación: Editorial |
| Designación de la unidad física | Vol.2 |
| Encuadernación | Encuadernación en cartoné |
| itemnumber | 201071 |
| 942 ## - ELEMENTOS DE ENTRADA SECUNDARIOS (KOHA) | |
| Fuente del sistema de clasificación o colocación | Clasificación decimal universal |
| Estatus retirado | Estado de pérdida | Fuente del sistema de clasificación o colocación | Estado de daño | No para préstamo | Biblioteca de origen | Biblioteca actual | Ubicación en estantería | Fecha de adquisición | Fuente de adquisición | Enumeración/cronología de publicación seriada | Total de préstamos | Signatura topográfica completa | Código de barras | Visto por última vez | Precio de reemplazo | Tipo de ítem Koha |
|---|---|---|---|---|---|---|---|---|---|---|---|---|---|---|---|---|
| Clasificación decimal universal | Biblioteca del Ateneo de Madrid | Biblioteca del Ateneo de Madrid | Depósito 1 | 29/12/2021 | Donación | v.1 | A-14821 | 1202777 | 23/02/2023 | 23/02/2023 | Libro impreso | |||||
| Clasificación decimal universal | Biblioteca del Ateneo de Madrid | Biblioteca del Ateneo de Madrid | Depósito 1 | 21/01/2024 | Donación | v.2 | A-14822 | 101206362 | 21/01/2024 | 21/01/2024 | Libro impreso |
